|
|
|
|
| LEADER |
01006nab a2200217 i 4500 |
| 001 |
misc12945 |
| 005 |
20191106141521.0 |
| 008 |
170607s1978 hu o 0|| hun d |
| 022 |
|
|
|a 0025-0260
|
| 040 |
|
|
|a SZTE Miscellanea Repozitórium
|b hun
|
| 041 |
|
|
|a hun
|
| 100 |
1 |
|
|a Mészáros István
|
| 245 |
1 |
0 |
|a Joannes Amos Comenius
|h [elektronikus dokumentum] :
|b A világ útvesztője és a szív paradicsoma. Fordította Dobossy László és Mayer Judit. Bratislava 1977. Madács Könyv- és Lapkiadó N. V. 243 oldal : [könyvismertetés] /
|c Mészáros István
|
| 260 |
|
|
|c 1978
|
| 300 |
|
|
|a 326-328
|
| 490 |
0 |
|
|a Magyar pedagógia : a Magyar Tudományos Akadémia Pedagógiai Bizottságának folyóirata
|v 78 No. 2
|
| 695 |
|
|
|a Comenius Johannes Amos, Pedagógia comeniusi 17. sz., Neveléstörténet, Könyvismertetés
|
| 700 |
0 |
1 |
|a Comenius Johannes Amos
|
| 700 |
0 |
1 |
|a Dobossy László
|
| 700 |
0 |
1 |
|a Mayer Judit
|
| 856 |
4 |
0 |
|u http://misc.bibl.u-szeged.hu/12945/1/mp_1978_002_5373_326-328.pdf
|z Dokumentum-elérés
|